|
|
|
|
| LEADER |
01722cas a2200241 a 4500 |
| 001 |
AALejournalIMF008676 |
| 008 |
230101c9999 xx r poo 0 0eng d |
| 020 |
|
|
|c 5.00 USD
|
| 020 |
|
|
|z 9781451809084
|
| 022 |
|
|
|a 1934-7685
|
| 040 |
|
|
|a BD-DhAAL
|c BD-DhAAL
|
| 110 |
2 |
|
|a International Monetary Fund.
|
| 245 |
1 |
0 |
|a Union of the Comoros :
|b 2004 Article IV Consultation-Staff Report; Staff Statement; and Public Information Notice on the Executive Board Discussion.
|
| 264 |
|
1 |
|a Washington, D.C. :
|b International Monetary Fund,
|c 2004.
|
| 300 |
|
|
|a 1 online resource (50 pages)
|
| 490 |
1 |
|
|a IMF Staff Country Reports
|
| 500 |
|
|
|a <strong>Off-Campus Access:</strong> No User ID or Password Required
|
| 500 |
|
|
|a <strong>On-Campus Access:</strong> No User ID or Password Required
|
| 506 |
|
|
|a Electronic access restricted to authorized BRAC University faculty, staff and students
|
| 520 |
3 |
|
|a This 2004 Article IV Consultation highlights that economic developments in the Union of the Comoros during 2003 were adversely affected by the difficult relationship between the Union and island governments. The related disputes regarding competencies and resources prevented the design and implementation of coherent economic policies, brought to a virtual standstill structural reforms, and undermined confidence at home and abroad, with adverse consequences for private investment and foreign aid. As a result, the Comoros real per capita income declined for the sixth year in a row.
|
| 538 |
|
|
|a Mode of access: Internet
|
| 830 |
|
0 |
|a IMF Staff Country Reports; Country Report ;
|v No. 2004/259
|
| 856 |
4 |
0 |
|z Full text available on IMF
|u http://elibrary.imf.org/view/journals/002/2004/259/002.2004.issue-259-en.xml
|z IMF e-Library
|